000 00332nam a22001337a 4500
008 170911b xxu||||| |||| 00| 0 eng d
020 _a9780735407176
041 _aeng
080 _a53
100 _a43
101 _aFIZ
245 _a2010 GRADUATE PROGRAMS IN PHYSICS, ASTRONOMY, AND RELATED FIELDS
_cDYLLA,H.F
942 _2udc
_cBK
999 _c27199
_d27199